Top 15 Celebrities Born In 1974 - Statistics

General Stats
  • This quiz has been taken 214 times
    169 since last reset
  • The average score is 6 of 15
Answer Stats
Picture Answer % Correct
Leonardo DiCaprio
98%
Amy Adams
68%
Jimmy Fallon
67%
Joaquin Phoenix
59%
Christian Bale
57%
Penelope Cruz
50%
Kate Moss
37%
Elizabeth Banks
27%
Jenna Fischer
24%
Sarah Paulson
24%
Seth Green
24%
Jessalynn Siwa
23%
Alanis Morissette
20%
Ryan Seacrest
20%
FGTeeV Duddy
0%
No matching quizzes found
Score Distribution
Percent of People with Each Score
Percentile by Number Answered
Your Score History
You have not taken this quiz since the last reset